|
|
|
|
| LEADER |
01010nam a2200241 a 4500 |
| 001 |
4884331 |
| 008 |
091022s1992 bg l 000 0 eng d |
| 010 |
|
|
|a 92905022
|
| 040 |
|
|
|a DLC
|c DLC
|d DLC
|
| 082 |
0 |
0 |
|a 345.5492/0252
|a 345.49205252
|2 20
|
| 110 |
1 |
|
|a Bangladesh.
|
| 245 |
1 |
4 |
|a The law on cruelty to women and dissolution of marriages /
|c [compiled by] Abdul Matin.
|
| 250 |
|
|
|a 1st ed.
|
| 260 |
|
|
|a Dhaka :
|b Madole Prokashani,
|c 1992.
|
| 300 |
|
|
|a 110 p. ;
|c 23 cm.
|
| 520 |
|
|
|a Subject compilation of Bangladesh act and ordinance; includes comments.
|
| 541 |
1 |
|
|e 00011076
|
| 650 |
|
0 |
|a Dowry
|z Bangladesh
|x Criminal provisions.
|
| 650 |
|
0 |
|a Women
|x Crimes against
|z Bangladesh.
|
| 700 |
1 |
|
|a Matin, Abdul,
|d 1945-
|
| 852 |
4 |
|
|a Ayesha Abed Library
|j General Shelf
|
| 999 |
|
|
|c 5076
|d 5076
|
| 952 |
|
|
|0 0
|1 0
|2 ddc
|4 0
|6 345_549202520000000_LAW_1992
|7 0
|9 4924
|a BRACUL
|b BRACUL
|c GEN
|d 2009-11-03
|g 0.00
|l 4
|m 18
|o 345.54920252 LAW
|p 3010011076
|r 2022-09-04
|s 2022-06-19
|t 1
|w 2009-11-03
|y BK
|x No price found in the accession register.
|